[Event "ch-NZL"]
[Site "Wanganui NZL"]
[Date "2003.01.05"]
[Round "5"]
[White "Van der Hoorn,M"]
[Black "Wohl,A"]
[Result "0-1"]
[WhiteElo "2143"]
[BlackElo "2414"]

1.e4 g6 2.d4 Bg7 3.Nc3 d6 4.Be3 a6 5.Qd2 Nd7 6.Nf3 b5 7.Bd3 Bb7 8.Ne2 Ngf6
9.Ng3 Ng4 10.Bg5 h6 11.Bh4 g5 12.Nf5 Bf6 13.Bg3 e6 14.h3 exf5 15.exf5 Nge5
16.dxe5 Nxe5 17.Bxe5 Bxe5 18.Nxe5 dxe5 19.O-O-O Qd5 20.f6 O-O-O 21.Bf5+ Kb8
22.Qxd5 Bxd5 23.f3 Rd6 24.h4 gxh4 25.Rxh4 Rxf6 26.Rxd5 Rxf5 27.a4 bxa4 28.Rxa4 Rg8
29.g4 Rxf3 30.Rxe5 Rg6 31.Rc5 Rf1+ 32.Kd2 Rd6+ 33.Ke2 Rff6 34.Rb4+ Kc8 35.Rbc4 Rde6+
36.Kd2 Re7 37.b3 Kb7 38.Rb4+ Ka7 39.Kc3 Rg6 40.Kb2 Rb6 41.Rxb6 Kxb6 42.Rh5 Re6
43.Rf5 f6 44.Rh5 Kc6 45.Rxh6 Kd5 46.Rh1 Re4 47.Rg1 Ke6 48.g5 f5 49.Ra1 f4
50.Rxa6+ Kf5 51.g6 Re7 52.Kc3 Rd7 53.b4 Rg7 54.Kd3 Re7 55.g7 Rxg7 56.Ke2 Rg2+
57.Kf3 Rg3+ 58.Kf2 Rc3 59.Ra5+ Ke4 60.Rc5 Rxc5 61.bxc5 c6 62.Ke2 f3+ 63.Kf2 Kf4
64.Kf1 Ke3 65.Ke1 f2+ 66.Kf1 Kf3  0-1

[Event "Australian Open"]
[Site "Penrith AUS"]
[Date "2003.01.07"]
[Round "7"]
[White "Smerdon,D"]
[Black "Wallace,JP"]
[Result "1-0"]
[WhiteElo "2436"]
[BlackElo "2386"]

1.e4 g6 2.d4 Bg7 3.Nc3 d6 4.Be3 a6 5.h4 Nf6 6.f3 h5 7.a4 Nbd7 8.Bc4 c5 9.Nh3 O-O
10.Qd2 Qa5 11.dxc5 Nxc5 12.Nf4 b5 13.Bd5 Nxd5 14.Nfxd5 e6 15.Ne7+ Kh7 16.Qxd6 Nxa4
17.Nc6 Bxc3+ 18.Kf2 Rd8 19.Qf4 Rd2+ 20.Kg3 Rd7 21.Nxa5 Bxa5 22.Rhd1 Kg8 23.Rxd7 Bxd7
24.Bd4 Rc8 25.Qf6 Bc7+ 26.f4 e5 27.Bxe5 Bxe5 28.Qxe5 Bg4 29.f5 gxf5 30.exf5 Rc5
31.Qe8+ Kg7 32.f6+ Kxf6 33.Qd8+ Kg6 34.Rxa4  1-0

[Event "ch-NZL"]
[Site "Wanganui NZL"]
[Date "2003.01.07"]
[Round "8"]
[White "Ker,A"]
[Black "Reilly,T"]
[Result "1/2-1/2"]
[WhiteElo "2336"]
[BlackElo "2266"]

1.e4 d6 2.d4 g6 3.Nc3 Bg7 4.Bg5 a6 5.Qd2 b5 6.a4 b4 7.Nd5 a5 8.c3 c6 9.Ne3 Nf6
10.Bd3 Ba6 11.Ne2 Bxd3 12.Qxd3 Nbd7 13.O-O O-O 14.f4 bxc3 15.bxc3 Rb8 16.Rfb1 d5
17.Rxb8 Nxb8 18.Bxf6 dxe4 19.Qxe4 Bxf6 20.Ng4 Bg7 21.Rb1 Qd6 22.Ne5 Rc8 23.Rb6 Qa3
24.Qb1 Bxe5 25.fxe5 Nd7 26.Rb7 Rd8 27.Qb3 Qxb3 28.Rxb3 f6 29.exf6 Nxf6 30.Rb7 e5
31.Rc7 exd4 32.cxd4 Re8 33.Rxc6 Rxe2 34.Rxf6 Ra2 35.Ra6 Rxa4 36.Kf2 Rxd4  1/2-1/2

[Event "ch-NZL"]
[Site "Wanganui NZL"]
[Date "2003.01.09"]
[Round "10"]
[White "Van der Hoorn,M"]
[Black "Cooper,D"]
[Result "1-0"]
[WhiteElo "2143"]
[BlackElo "2070"]

1.e4 g6 2.d4 d6 3.Nc3 Bg7 4.Be3 Nf6 5.Qd2 c6 6.Bh6 Bxh6 7.Qxh6 Qa5 8.Bd3 Qh5
9.Qd2 Na6 10.a3 Qa5 11.Nge2 Bd7 12.O-O h5 13.Rae1 h4 14.f4 O-O-O 15.b4 Qh5
16.Bxa6 bxa6 17.Qd3 Kb7 18.e5 Bf5 19.Qe3 Ng4 20.Qd2 dxe5 21.Na4 e4 22.Nc5+ Kb6
23.Nc3 Bc8 24.Rxe4 Rhe8 25.Qd3 Qf5 26.Rfe1 e6 27.N3a4+ Kc7 28.Nxa6+ Kd6 29.Qc4 Qb5
30.Qc5+ Qxc5 31.N6xc5 Nh6 32.Nb2 Kc7 33.c3 Nf5 34.Nc4 Nd6 35.Nxd6 Rxd6 36.R4e3 Rd5
37.Re5 Rh8 38.Rxd5 cxd5 39.a4 Kc6 40.Nd3 f6 41.Nc5 Kd6 42.b5 Bd7 43.Kf2 Rg8
44.Re3 g5 45.fxg5 Rxg5 46.Rf3 f5 47.Rh3 Rg4 48.g3 hxg3+ 49.hxg3 f4 50.Kf3 Rxg3+
51.Rxg3 fxg3 52.Kxg3 Be8 53.Nd3 Kc7 54.Kf4 Bg6 55.Nc5 Kd6 56.Kg5 Be8 57.Nd3 Ke7
58.Ne5 Kd6 59.Kf6 Bh5 60.Nf7+ Kd7 61.Ng5 Bd1 62.Nxe6 Kd6 63.Nc5 Be2 64.Kf7 Bh5+
65.Kf8 Bg6 66.a5 Bh5 67.b6  1-0

[Event "TCh-FIN 2002-3"]
[Site "Finland FIN"]
[Date "2003.01.11"]
[Round "6"]
[White "Vihinen,T"]
[Black "Franssila,T"]
[Result "1-0"]
[WhiteElo "2161"]
[BlackElo "2264"]

1.e4 g6 2.d4 Bg7 3.Nc3 d6 4.Be3 a6 5.a4 Nd7 6.Bc4 Ngf6 7.f3 e6 8.Nge2 d5
9.exd5 Nb6 10.Bb3 exd5 11.O-O c6 12.Qd2 O-O 13.Bh6 Re8 14.Bxg7 Kxg7 15.Rfe1 Be6
16.Nf4 Qd6 17.Nd3 Nfd7 18.Qf2 Qc7 19.Re2 Nc4 20.Rae1 Rad8 21.Nd1 b6 22.c3 Nf8
23.Ne3 f6 24.Qh4 Nxe3 25.Rxe3 Bf7 26.Qg3 Qxg3 27.hxg3 Rxe3 28.Rxe3 Re8 29.Kf2 a5
30.Ba2 g5 31.Rxe8 Bxe8 32.b4 Bg6 33.Nc1 Bc2 34.Bb3 Bb1 35.bxa5 bxa5 36.Bd1 Ne6
37.Nb3 Ba2 38.Nxa5 c5 39.Bb3 Bxb3 40.Nxb3 c4 41.Nc5 Nc7 42.g4 Kf7 43.Ke3 Ke7
44.Kd2 Kd6 45.Kc2 Kc6 46.Kb2 Ne8 47.Ka3 Ng7 48.Kb4 f5 49.a5 h5 50.a6 Kb6
51.gxh5 Nxh5 52.Ne6 g4 53.a7 Kxa7 54.Kc5 Nf6 55.Nf4 gxf3 56.gxf3 Nh7 57.Nxd5 Ng5
58.f4 Ne4+ 59.Kxc4 Kb7 60.Ne3 Ng3 61.Kd5 Ne2 62.Nxf5 Nxc3+ 63.Ke5 Kc7 64.d5 Kd7
65.Nd4 Nd1 66.Ne6 Ne3 67.Nc5+ Ke7 68.d6+ Kf7 69.Nb7 Ng4+ 70.Kd5 Nf6+ 71.Kc6 Ke6
72.Nc5+ Kf7 73.f5 Ke8 74.Kc7 Kf7 75.d7 Nxd7 76.Nxd7  1-0

[Event "TCh-FIN 2002-3"]
[Site "Finland FIN"]
[Date "2003.01.11"]
[Round "6"]
[White "Hartikainen,M"]
[Black "Nouro,M"]
[Result "1/2-1/2"]
[WhiteElo "2307"]
[BlackElo "2350"]

1.e4 g6 2.d4 Bg7 3.Nc3 d6 4.Be3 a6 5.Qd2 b5 6.O-O-O Bb7 7.f3 Nd7 8.h4 h5
9.Nh3 Rc8 10.Ng5 c5 11.dxc5 Nxc5 12.Nd5 Nf6 13.Nxf6+ Bxf6 14.Bd4 Qc7 15.Bxf6 exf6
16.Nh3 Ne6 17.Kb1 O-O 18.Bd3 d5 19.Nf2 Rfd8 20.Qe3 Nf4 21.g4 dxe4 22.Nxe4 Bxe4
23.Bxe4 Rxd1+ 24.Rxd1 Qe5 25.gxh5 f5 26.hxg6 fxe4 27.gxf7+ Kxf7 28.fxe4 Rc4
29.Qa7+ Rc7 30.Qe3 Rc4 31.Re1 Ne6 32.Qh6 Ng7 33.Qxa6 Kg8 34.Qg6 Rd4 35.a3 Rd6
36.Qg4 Kh7 37.Rg1 Rh6 38.Qg5 Qd4 39.e5 Qd7 40.b3 Ra6 41.h5 Rh6  1/2-1/2

[Event "TCh-CZE 2002-3"]
[Site "Czech Rep CZE"]
[Date "2003.01.18"]
[Round "5"]
[White "Walek,M"]
[Black "Kantorik,M"]
[Result "0-1"]
[WhiteElo "2317"]
[BlackElo "2351"]

1.e4 g6 2.d4 Bg7 3.Nc3 d6 4.Bg5 h6 5.Be3 Nd7 6.Qd2 e6 7.Nge2 Ne7 8.O-O-O a6
9.d5 e5 10.f3 f5 11.g3 Nf6 12.h3 b5 13.Bg2 Bb7 14.a3 Qd7 15.f4 O-O-O 16.exf5 Nxf5
17.Bf2 h5 18.Na2 Rhe8 19.Qa5 e4 20.Nb4 e3 21.Be1 Ne4 22.Rf1 Nd2 23.Nc6 Nc4
24.Qb4 Bxb2+ 25.Kb1 Bxa3 26.Qb3 Bc5 27.Nxd8 Qxd8 28.g4 Nh6 29.Bf3 Qd7 30.f5 hxg4
31.hxg4 gxf5 32.g5 Ng4 33.Rg1 Nf2 34.Rd3 Nxd3 35.cxd3 Nd2+ 36.Bxd2 exd2 37.Rh1 Kb8
38.Qd1 Re3 39.d4 Bb4 40.Rh8+ Ka7 41.Bh5 Bxd5 42.g6 Bb3  0-1

[Event "Tch-SWE 2002-3"]
[Site "Sweden SWE"]
[Date "2003.01.18"]
[Round "6"]
[White "Winge,S"]
[Black "Burwick,M"]
[Result "1-0"]
[WhiteElo "2262"]
[BlackElo "2239"]

1.e4 g6 2.d4 Bg7 3.Nc3 d6 4.f4 a6 5.Nf3 b5 6.a4 b4 7.Nb1 Nf6 8.Nbd2 O-O 9.Bd3 Nc6
10.c3 Nd7 11.Nb3 bxc3 12.bxc3 e6 13.O-O a5 14.Ra2 Nb6 15.Bd2 Ba6 16.Bb5 Bxb5
17.axb5 a4 18.bxc6 axb3 19.Qxb3 Rxa2 20.Qxa2 Qe8 21.f5 exf5 22.exf5 Qxc6
23.fxg6 hxg6 24.Ng5 Qd5 25.Qb1 Nc4 26.Bc1 f6 27.Nh3 f5 28.Nf4 Qf7 29.Qd3 d5
30.Qg3 Nd6 31.Qxg6 Qxg6 32.Nxg6 Rf7 33.Ba3 Kh7 34.Bxd6 Kxg6 35.Bb4 Rd7 36.Ra1 Bh6
37.Ra6+ Kh5 38.Kf2 Bg5 39.Re6 Bf4 40.g3 Bd2 41.Kf3 Bh6 42.h3 Bg5 43.Ba5 Rf7
44.Rc6 Re7 45.Bxc7 Re3+ 46.Kf2 Rd3 47.Rc5 Rd2+ 48.Ke1 Rc2 49.Rxd5 Rxc3 50.Rc5 Re3+
51.Kf2 Re4 52.Rxf5 Kg6 53.Rd5 Be3+ 54.Kf3 Rxd4 55.Rxd4 Bxd4 56.g4 Bf6 57.Bg3 Bc3
58.Ke4 Bd2 59.Ke5 Bc1 60.h4 Bd2 61.Bf4 Bc3+ 62.Ke6 Bd4 63.h5+ Kh7 64.Kf7 Bc3
65.g5 Bg7 66.g6+ Kh8 67.h6 Bxh6 68.Be5+  1-0

[Event "Open"]
[Site "Auckland AUS"]
[Date "2003.01.27"]
[Round "2"]
[White "Sermek,D"]
[Black "Smith,Ro"]
[Result "1-0"]
[WhiteElo "2577"]
[BlackElo "2259"]

1.e4 g6 2.d4 Bg7 3.Nc3 d6 4.g3 Nf6 5.Bg2 O-O 6.Nge2 Nc6 7.h3 e5 8.Be3 Bd7
9.O-O exd4 10.Nxd4 Nxd4 11.Bxd4 Bc6 12.Re1 Qd7 13.Qd3 b5 14.Nd5 Bxd5 15.exd5 Rfe8
16.c4 b4 17.a3 Rxe1+ 18.Rxe1 Re8 19.Rxe8+ Qxe8 20.Bxa7 Qe1+ 21.Bf1 bxa3 22.bxa3 Ne4
23.Qe2 Qxe2 24.Bxe2 Bb2 25.a4 Nc3 26.a5 Nxe2+ 27.Kf1 Kf8 28.a6  1-0

[Event "Gibraltar Masters"]
[Site "Catalan Bay ENG"]
[Date "2003.01.28"]
[Round "1"]
[White "Shaw,J"]
[Black "Soh,E"]
[Result "1-0"]
[WhiteElo "2470"]
[BlackElo "2029"]

1.e4 g6 2.d4 Bg7 3.Nc3 d6 4.Be3 Nf6 5.Qd2 Nc6 6.f3 e5 7.Nge2 exd4 8.Nxd4 O-O
9.O-O-O Nxd4 10.Bxd4 Be6 11.Be3 a6 12.Bh6 b5 13.h4 b4 14.Nd5 Bxd5 15.exd5 a5
16.h5 a4 17.Bxg7 Kxg7 18.hxg6 fxg6 19.Qxb4 a3 20.b3 Qe7 21.Qd4 Rfe8 22.Bb5 Qe3+
23.Qxe3 Rxe3 24.Bc6 Ra5 25.b4 Ra6 26.Rde1 Rxe1+ 27.Rxe1 Kf7 28.Kd2 h5 29.c4 Kf8
30.Kc3 Kf7 31.c5 g5 32.b5 Ra7 33.cxd6  1-0

[Event "Kaissa Open"]
[Site "Kharkov UKR"]
[Date "2003.01.29"]
[Round "8"]
[White "Posokhov,D"]
[Black "Gevorkyan,R"]
[Result "1-0"]
[WhiteElo "2167"]
[BlackElo "2241"]

1.e4 d6 2.d4 g6 3.Nc3 Bg7 4.h3 Nf6 5.Nf3 O-O 6.Be2 Nc6 7.O-O a6 8.Bg5 b5
9.e5 Ne8 10.Re1 h6 11.Bh4 Bb7 12.Bf1 g5 13.Bg3 f5 14.d5 Nxe5 15.Nxe5 dxe5
16.Bxe5 Nf6 17.Qd4 c6 18.dxc6 Bxc6 19.Qc5 Qe8 20.Rad1 Rc8 21.Qa7 g4 22.hxg4 Qg6
23.gxf5 Qxf5 24.Qxe7 Rf7 25.Qb4 Ng4 26.Bg3 Nxf2 27.Rd2 Ng4 28.Bd3 Qh5 29.Be2 Bxg2
30.Kxg2 Rf2+ 31.Bxf2 Qh2+ 32.Kf3 Qxf2+ 33.Kxg4 Qxe1 34.Qd6 Rf8 35.Nd5 Qg1+
36.Qg3 h5+ 37.Kh3 Qh1+ 38.Qh2 Qe4 39.Qg2 Qf5+ 40.Kh2 Kh8 41.Kh1 Qe5 42.Rd3  1-0

[Event "Gibraltar Masters"]
[Site "Catalan Bay ENG"]
[Date "2003.01.31"]
[Round "4"]
[White "Guerrero,C"]
[Black "McNab,C"]
[Result "0-1"]
[WhiteElo "2073"]
[BlackElo "2423"]

1.e4 g6 2.d4 d6 3.Nc3 Bg7 4.Nf3 Nf6 5.Be2 c6 6.O-O O-O 7.a4 Qc7 8.h3 Nbd7
9.Be3 b6 10.Nd2 Bb7 11.f4 c5 12.d5 e6 13.Nc4 Nxe4 14.Nxe4 exd5 15.Nexd6 dxc4
16.Nxb7 Rae8 17.Nd6 Rxe3 18.Nxc4 Re4 19.g3 Nf6 20.Bd3 Rd4 21.Qf3 Rfd8 22.b3 Nd5
23.Be4 h5 24.Rae1 Nf6 25.Bd3 h4 26.g4 Nd5 27.Re4 Nb4 28.Rxd4 Bxd4+ 29.Kh1 Nxd3
30.Qxd3 a6 31.Qe4 b5 32.axb5 axb5 33.Ne5 Re8 34.Re1 Re6 35.Qd5 g5 36.Re4 Rd6
37.Qa8+ Rd8 38.Qa6 gxf4 39.Nf3 Bg7 40.Qxb5 Bf8 41.Qe2 Qc6 42.Re5 Bg7 43.Re4 Bf6
44.Kh2 Kg7 45.g5 Bc3 46.Qc4 Bd4 47.Qe2 Be3 48.Rc4 Rd5 49.b4 Qc7 50.Kg2 Qb7
51.Kf1 Rd2  0-1

[Event "Jose Marti Memorial"]
[Site "Las Tunas CUB"]
[Date "2003.01.31"]
[Round "6"]
[White "Gongora,M"]
[Black "Tineo,F"]
[Result "1-0"]
[WhiteElo "2387"]
[BlackElo "2144"]

1.e4 d6 2.d4 g6 3.Nc3 Bg7 4.Be3 Nf6 5.Nf3 O-O 6.Bd3 Nc6 7.h3 e5 8.d5 Ne7
9.O-O Ne8 10.Nh2 f5 11.f4 fxe4 12.Nxe4 Nf5 13.Bd2 exf4 14.Bxf4 Bxb2 15.Rb1 Bg7
16.Ng4 h5 17.Bg5 Qd7 18.Ngf2 Nf6 19.Bxf6 Rxf6 20.Nxf6+ Bxf6 21.Bxf5 Qxf5
22.Ng4 hxg4 23.Rxf5 gxf5 24.hxg4 fxg4 25.Qd3 Kg7 26.Qc4 Kg6 27.Rf1 Bf5 28.Qf4  1-0

[Event "National I"]
[Site "Montpellier FRA"]
[Date "2003.02.01"]
[Round "2"]
[White "Sermier,G"]
[Black "Gallagher,Jo"]
[Result "1-0"]
[WhiteElo "2379"]
[BlackElo "2526"]

1.e4 g6 2.d4 Bg7 3.Nc3 d6 4.Be2 Nf6 5.h4 c5 6.dxc5 Qa5 7.Bd2 Qxc5 8.h5 gxh5
9.Nh3 Bg4 10.Nf4 Nbd7 11.Nxh5 Bxh5 12.Bxh5 Ne5 13.Be2 Rc8 14.f4 Nc6 15.Bd3 h5
16.Qf3 Nd4 17.Qg3 Ng4 18.O-O-O b5 19.e5 Kf8 20.Rxh5 Rxh5 21.Qxg4 Rh8 22.Ne4 Qc6
23.exd6 f5 24.Qg6 fxe4 25.dxe7+ Kg8 26.Bxe4 Qd7 27.Bd5+ Qxd5 28.e8=Q+ Rxe8
29.Qxe8+ Bf8 30.Qg6+ Bg7 31.Qe8+ Bf8 32.Bc3 Rh6 33.Bxd4 Re6 34.Qxf8+  1-0

[Event "Gibraltar Masters"]
[Site "Catalan Bay ENG"]
[Date "2003.02.06"]
[Round "10"]
[White "Tissir,M"]
[Black "McNab,C"]
[Result "1/2-1/2"]
[WhiteElo "2366"]
[BlackElo "2423"]

1.e4 g6 2.d4 d6 3.Nc3 Bg7 4.Bg5 Nd7 5.Qd2 c5 6.Nf3 a6 7.a4 cxd4 8.Nxd4 Ngf6
9.Nb3 b6 10.Bd3 Bb7 11.O-O O-O 12.Bh6 Qc7 13.Rae1 Ne5 14.Bxg7 Kxg7 15.f4 Nc4
16.Bxc4 Qxc4 17.e5 dxe5 18.fxe5 Ng8 19.Rf4  1/2-1/2

[Event "Gibraltar Masters"]
[Site "Catalan Bay ENG"]
[Date "2003.02.06"]
[Round "10"]
[White "Radovanovic,J"]
[Black "Wohl,A"]
[Result "0-1"]
[WhiteElo "2280"]
[BlackElo "2415"]

1.e4 g6 2.d4 Bg7 3.Nc3 d6 4.Nf3 a6 5.a4 Nd7 6.Bc4 e6 7.Bg5 Ne7 8.O-O h6 9.Be3 b6
10.Qd2 Bb7 11.Rfe1 Nf6 12.d5 e5 13.h3 g5 14.Nh2 Nh5 15.Bf1 Nf4 16.Ra3 Qd7
17.Nd1 f5 18.f3 O-O 19.a5 b5 20.c4 fxe4 21.fxe4 bxc4 22.Bxc4 Kh8 23.Nc3 c6
24.dxc6 Qxc6 25.Ba2 Rad8 26.Bb6 Rd7 27.Rc1 d5 28.exd5 Nexd5 29.Bxd5 Nxd5
30.Nxd5 Rxd5 31.Nf3 Rxd2 32.Rxc6 Rd1+  0-1

[Event "FSIMB Feb"]
[Site "Budapest HUN"]
[Date "2003.02.07"]
[Round "7"]
[White "Papp,Ge"]
[Black "Resika,N"]
[Result "1-0"]
[WhiteElo "2368"]
[BlackElo "2184"]

1.d4 g6 2.e4 d6 3.Nc3 Bg7 4.Be3 a6 5.a4 b6 6.Nf3 Nf6 7.Bd3 O-O 8.h3 Bb7 9.Qd2 e5
10.d5 Nbd7 11.O-O c6 12.dxc6 Bxc6 13.Qe2 Qc7 14.Nd2 d5 15.exd5 Nxd5 16.Nxd5 Bxd5
17.Bxa6 Qxc2 18.b4 e4 19.Rfc1 Qb2 20.Rab1 Qa2 21.Bb5 Be6 22.Qd1 Rad8 23.Rc2 Qa3
24.Qe2 f5 25.Nf1 Ne5 26.Bc1 Qd3 27.Bxd3 exd3 28.Qd1 dxc2 29.Qxc2 f4 30.Bb2 Rf7
31.Re1 Bf5 32.Qb3 Rd3 33.Qa2 Nd7 34.Re7  1-0

[Event "1st It"]
[Site "Ilha Solteira-SP BRA"]
[Date "2003.02.08"]
[Round "8"]
[White "Neubauer,M"]
[Black "Crosa,M"]
[Result "1-0"]
[WhiteElo "2420"]
[BlackElo "2446"]

1.e4 g6 2.d4 Bg7 3.Nc3 d6 4.Be3 Nf6 5.Qd2 Ng4 6.Bg5 h6 7.Bh4 c6 8.h3 Nf6
9.f4 Nbd7 10.e5 dxe5 11.fxe5 Nd5 12.Nxd5 cxd5 13.e6 fxe6 14.Bd3 Kf7 15.Nf3 Bf6
16.O-O-O b5 17.g4 e5 18.dxe5 Nxe5 19.Nxe5+ Bxe5 20.Rhf1+ Bf6 21.Bxf6 exf6
22.Bxb5 Bb7 23.Qd4 Qb6 24.Rxf6+ Qxf6 25.Rf1 Qxf1+ 26.Bxf1 g5 27.Bd3 Rhe8
28.Qf2+ Ke7 29.Bg6 Rf8 30.Qc5+ Kf6 31.Qd6+ Kg7 32.Bh5 Rf1+ 33.Kd2 Raf8 34.Qg6+ Kh8
35.Qxh6+ Kg8 36.Qg6+ Kh8 37.Qh6+ Kg8 38.Qxg5+ Kh8 39.Qh6+ Kg8 40.Qg6+ Kh8
41.Qh6+ Kg8 42.Qe6+ Kh8 43.g5 R1f2+ 44.Kd3 Bc8 45.Qe5+ Kh7 46.g6+ Kh6 47.g7 Ba6+
48.Ke3 d4+ 49.Qxd4  1-0

[Event "11th Aosta Open"]
[Site "Saint Vincent ITA"]
[Date "2003.02.08"]
[Round "1"]
[White "Valenti,G"]
[Black "Azmaiparashvili,Z"]
[Result "1/2-1/2"]
[WhiteElo "2230"]
[BlackElo "2678"]

1.e4 d6 2.d4 g6 3.Nc3 Bg7 4.Nf3 a6 5.a4 Bg4 6.Be2 Nc6 7.Be3 e5 8.dxe5 dxe5
9.Qxd8+ Rxd8 10.Nd5 Rd7 11.O-O-O h5 12.h3 Bxf3 13.Bxf3 Bh6 14.c3 Bxe3+ 15.Nxe3 Nf6
16.Rxd7 Kxd7 17.Rd1+ Ke7 18.Kc2 a5 19.h4 b6 20.g3 Nb8 21.Bg2 Nbd7 22.Bh3 Nc5
23.f3 Rg8 24.b3 Ne6 25.Nc4 Nd7 26.Ne3 Nf6 27.Nc4 g5 28.Nxe5 g4 29.fxg4 hxg4
30.Bg2 Nh5 31.Nc6+ Kf8 32.Rd3 Nc5 33.Re3 f6 34.Nd4 Kg7 35.Nf5+ Kh7 36.e5 fxe5
37.Rxe5 Rf8 38.Bd5 Kh8 39.Bc4 Nd7 40.Rd5 Nhf6 41.Rd4 Ne5 42.Be2 c5 43.Rd6 Ne4
44.Rh6+ Kg8 45.Bxg4 Rd8 46.Re6 Rd2+ 47.Kb1 Nxg4 48.Rxe4 Nf6 49.Re6 Kf7 50.Rxb6 Nd5
51.Nd6+ Ke7 52.Ne4 Re2 53.Rb7+ Kd8 54.c4 Re1+ 55.Kb2 Re2+ 56.Kc1 Nb4 57.Nf6 Na2+
58.Kd1 Nc3+ 59.Kc1 Kc8 60.Rg7 Na2+  1/2-1/2

[Event "Bermuda Open"]
[Site "Southampton BER"]
[Date "2003.02.08"]
[Round "2"]
[White "Berg,E"]
[Black "Ditt,E"]
[Result "1-0"]
[WhiteElo "2527"]
[BlackElo "2204"]

1.e4 g6 2.d4 Bg7 3.Nc3 d6 4.Be3 c6 5.Qd2 b5 6.h4 h5 7.f3 b4 8.Nd1 a5 9.a3 bxa3
10.Rxa3 Qc7 11.b4 a4 12.Nc3 Nd7 13.Bd3 Nb6 14.Nge2 e6 15.O-O Ne7 16.Rfa1 O-O
17.Nxa4 Nxa4 18.Rxa4 Rxa4 19.Rxa4 Bd7 20.Ra5 Rb8 21.c3 e5 22.Bc4 d5 23.exd5 Nf5
24.Bf2 cxd5 25.Rc5 Qa7 26.Rxd5 exd4 27.Nxd4 Qa1+ 28.Kh2 Bh6 29.Qa2 Qxc3 30.Rxd7  1-0

[Event "TCh-CZE 2002-3"]
[Site "Czech Rep CZE"]
[Date "2003.02.16"]
[Round "7"]
[White "Vyskocil,N"]
[Black "Trapl,J"]
[Result "1/2-1/2"]
[WhiteElo "2387"]
[BlackElo "2381"]

1.e4 g6 2.d4 Bg7 3.Nc3 d6 4.Be3 Nd7 5.Qd2 c6 6.a4 Ngf6 7.h3 O-O 8.g3 e5 9.dxe5 dxe5
10.Bg2 Qe7 11.Nge2 a5 12.O-O Re8 13.Rad1  1/2-1/2

[Event "US Amateur Team East"]
[Site "Parsippany NJ USA"]
[Date "2003.02.16"]
[Round "4"]
[White "Friedel,J"]
[Black "Weeramantry,S"]
[Result "1-0"]
[WhiteElo "2293"]
[BlackElo "2187"]

1.e4 d6 2.d4 g6 3.Nc3 Bg7 4.Bc4 Nf6 5.Qe2 e5 6.dxe5 dxe5 7.Nf3 Nbd7 8.O-O c6
9.a4 O-O 10.Rd1 Qc7 11.b3 a6 12.a5 h6 13.h3 Re8 14.Be3 Nf8 15.Bc5 N6d7 16.Bd6 Qd8
17.b4 Qf6 18.Na4 g5 19.Nh2 Qg6 20.Ra3 Bf6 21.Nf1 Be7 22.Bxe7 Rxe7 23.Ng3 Nf6
24.Nb6 Rb8 25.Nxc8 Rxc8 26.Nf5 Rec7 27.Rd6 Re8 28.h4 Ne6 29.Bxe6 fxe6 30.hxg5 hxg5
31.Ng3 Rh7 32.Qc4 Nh5 33.Nxh5 Rxh5 34.Rg3 g4 35.Qc3 Qh6 36.Rxg4+ Kh8 37.f4 Rg8
38.Rxg8+ Kxg8 39.Qg3+ Kf8 40.Rd8+ Ke7 41.Rb8 exf4 42.Rxb7+ Kf6 43.Qc3+ Kg6
44.Rb8 f3 45.Kf2 fxg2 46.Rg8+ Kf7 47.Rxg2 Rh4 48.Qe3 Qxe3+ 49.Kxe3 e5 50.Rg3 Rh1
51.c3 c5 52.Kd3 cxb4 53.cxb4 Rc1 54.Rg2 Rc6 55.Rg5 Kf6 56.Rh5 Rd6+ 57.Kc3 Rc6+
58.Kb3  1-0

[Event "11th Aosta Open"]
[Site "Saint Vincent ITA"]
[Date "2003.02.16"]
[Round "9"]
[White "Brady,S"]
[Black "Saldano,H"]
[Result "1/2-1/2"]
[WhiteElo "2336"]
[BlackElo "2442"]

1.e4 g6 2.d4 Bg7 3.Nc3 d6 4.Be3 a6 5.Qd2 Nd7 6.Nf3 b5 7.Bd3 c5 8.O-O Bb7
9.Rfe1 cxd4 10.Bxd4 Ngf6 11.a4 b4 12.Nd5 Bxd5 13.exd5 O-O 14.Bc4 a5 15.Re2 Rc8
16.b3 Nb6 17.Bxb6 Qxb6 18.Rd1 Rc7 19.Qd4 Qxd4 20.Nxd4 Ng4 21.Nc6 Ne5 22.Nxa5 Ra8
23.Nc6 Nxc4 24.bxc4 Bf6 25.a5 Rxc6 26.dxc6 Rxa5 27.Rb1 Ra7 28.c7 Rxc7 29.Rxb4 Bd4
30.Ra4 Kg7 31.Rd2 Bc5 32.Kf1 Rb7 33.Ke2 Rb2 34.Kd3 Rb1  1/2-1/2

[Event "Jersey Open"]
[Site "Jersey JCI"]
[Date "2003.02.21"]
[Round "6"]
[White "Dodgson,J"]
[Black "Bennion,D"]
[Result "1-0"]
[WhiteElo "2122"]
[BlackElo "2060"]

1.e4 g6 2.d4 Bg7 3.Nc3 d6 4.Bg5 Nc6 5.Bb5 Bd7 6.Nge2 Nf6 7.Qd2 O-O 8.O-O Na5
9.Bd3 c5 10.dxc5 dxc5 11.Ng3 Ng4 12.Rad1 Be6 13.h3 Ne5 14.Bh6 Bxh3 15.Bxg7 Kxg7
16.Qf4 Nxd3 17.Rxd3  1-0

[Event "TCh-BEL 2002-3"]
[Site "Belgium BEL"]
[Date "2003.02.23"]
[Round "9"]
[White "Coenen,N"]
[Black "Nijboer,F"]
[Result "0-1"]
[WhiteElo "2427"]
[BlackElo "2553"]

1.e4 d6 2.d4 g6 3.Nc3 Bg7 4.Be3 c6 5.a4 Nf6 6.h3 O-O 7.Nf3 Nbd7 8.a5 Qc7
9.Be2 Rb8 10.O-O b5 11.axb6 axb6 12.Nd2 b5 13.f4 e5 14.dxe5 dxe5 15.f5 Bb7
16.Qe1 Ra8 17.Rxa8 Rxa8 18.Qh4 Ne8 19.Nf3 f6 20.fxg6 hxg6 21.Nh2 Nf8 22.Ng4 Bc8
23.Bh6 Bxg4 24.Bxg7 Kxg7 25.Qxg4 Qd7 26.Rd1 Qxg4 27.Bxg4 Kf7 28.Rd2 Ke7 29.b4 Nd6
30.g3 Ne6 31.Bxe6 Kxe6 32.g4 Ra1+ 33.Kg2 Rc1 34.Kf3 Nc4 35.Rh2 Na3 36.h4 Nxc2
37.Ne2 Rf1+ 38.Kg2 Ne3+ 39.Kg3 Rb1  0-1

[Event "TCh-BEL 2002-3"]
[Site "Belgium BEL"]
[Date "2003.02.23"]
[Round "9"]
[White "Schalkx,J"]
[Black "Gurevich,M"]
[Result "1-0"]
[WhiteElo "2229"]
[BlackElo "2634"]

1.e4 d6 2.d4 g6 3.Nc3 Bg7 4.Nge2 a6 5.g3 b5 6.Bg2 Bb7 7.O-O Nd7 8.a4 c6 9.d5 cxd5
10.exd5 b4 11.Na2 a5 12.Nd4 Ngf6 13.Nc6 Qc7 14.Re1 Bxc6 15.dxc6 Nc5 16.c3 b3
17.Bf4 O-O 18.Nc1 Rab8 19.Ra3 Ne6 20.Be3 Nd8 21.Nxb3 Nxc6 22.Bxc6 Qxc6 23.Nxa5 Qa8
24.Nc4 Qc6 25.Na5 Qa8 26.Nc4 Qa6 27.b3 Ne4 28.Bd4 e5 29.Bxe5 dxe5 30.Rxe4 Rbd8
31.Qf1 f5 32.Re1 e4 33.b4 Qf6 34.b5 Rd3 35.a5 Qf7 36.Ra4 Rc8 37.Nb6 Rcxc3
38.a6 Qa7 39.Nc4 Bd4 40.b6 Qa8 41.b7 Qb8 42.Ne5 Rxg3+  1-0

[Event "TCh-BEL 2002-3"]
[Site "Belgium BEL"]
[Date "2003.02.23"]
[Round "9"]
[White "Van der Linde,Ma"]
[Black "Meurrens,P"]
[Result "1/2-1/2"]
[WhiteElo "2203"]
[BlackElo "2233"]

1.e4 g6 2.d4 Bg7 3.Nc3 d6 4.f4 Nc6 5.Nf3 Nf6 6.Bd3 O-O 7.O-O Bg4 8.e5 dxe5
9.dxe5 Nd5 10.h3 Bf5 11.Qe2 Bxd3 12.Qxd3 Nxc3 13.Qxc3 Qd5 14.Be3 Rfd8 15.Rf2 f6
16.Rd2 Qe6 17.Rxd8+  1/2-1/2

[Event "Open"]
[Site "Cappelle la Grande FRA"]
[Date "2003.02.23"]
[Round "2"]
[White "Shomoev,A"]
[Black "Stryjecki,M"]
[Result "1-0"]
[WhiteElo "2541"]
[BlackElo "2438"]

1.e4 g6 2.d4 Bg7 3.Nc3 d6 4.Bg5 Nd7 5.Qd2 a6 6.a4 c5 7.Nf3 Ngf6 8.Bd3 h6
9.Bh4 g5 10.Bg3 Nh5 11.dxc5 Nxc5 12.a5 b5 13.axb6 Bb7 14.O-O Qxb6 15.Na4 Nxa4
16.Rxa4 Nxg3 17.hxg3 a5 18.b4 axb4 19.Rxb4 Qc7 20.Rfb1 Ra1 21.Rxa1 Bxa1 22.Qe3 Bc6
23.e5 Bxe5 24.Rc4 d5 25.Rxc6 Qxc6 26.Qxe5 O-O 27.Qxe7 Qe6 28.Qb4 Ra8 29.Qd4 Rb8
30.Kh2 Re8 31.g4 Qd6+ 32.g3 Rb8 33.Qe5 Qxe5 34.Nxe5 Kg7 35.Nc6 Re8 36.Nd4 Rh8
37.Kg2 h5 38.Kf3 Kf6 39.gxh5 Rxh5 40.Ke3 Ke5 41.Nf3+ Kd6 42.g4 Rh3 43.Bf1 Rh1
44.Bg2 Rc1 45.Kd2 Ra1 46.Nxg5 Rg1 47.Bf3 f6 48.Nh3  1-0

[Event "ch-CZE w"]
[Site "Lahucovice CZE"]
[Date "2003.02.23"]
[Round "3"]
[White "Holusova,T"]
[Black "Cedikova,K"]
[Result "0-1"]
[WhiteElo "2094"]
[BlackElo "2184"]

1.e4 g6 2.d4 Bg7 3.Nc3 d6 4.Be3 Nd7 5.f3 a6 6.Nge2 Ngf6 7.g4 e5 8.d5 h5 9.gxh5 Nxh5
10.Qd2 Qh4+ 11.Kd1 Nb6 12.b3 Qf6 13.Kc1 Qxf3 14.Rg1 Nf4 15.h3 Nxh3 16.Bg2 Qxe3
17.Qxe3 Bh6 18.Qxh6 Rxh6 19.Rh1 Rh7 20.Kb2 Ke7 21.a4 Bg4 22.a5 Nd7 23.Ng3 Rah8
24.Ra4 Nf4 25.Rxh7 Rxh7 26.Bf1 Rh2 27.b4 Rf2 28.Bc4 f5 29.Ra1 Rg2 30.Nf1 Rg1
31.Ra3 fxe4 32.Nxe4 Bf5 33.Nfd2 Nf6 34.Nxf6 Kxf6 35.Nf1 Rh1 36.Ne3 Be4 37.Rb3 Rh7
38.b5 axb5 39.Rxb5 c6 40.dxc6 Bxc6 41.Rb6 Rc7 42.Bb3 e4 43.Kc1 Ke7 44.Kd2 Kd7
45.Ng4 Ke7 46.Ne3 d5 47.Ng4 Kd6 48.Ke3 Ne6 49.Nf6 d4+ 50.Kd2 Ke5 51.Ng4+ Kf5
52.Nh2 Nc5 53.Bc4 Kf4 54.Rb1 Kg3 55.Nf1+ Kf2 56.Re1 e3+ 57.Nxe3 dxe3+ 58.Rxe3 Ne4+  0-1

[Event "ch-RUS w 1st League"]
[Site "Serpukhov RUS"]
[Date "2003.02.24"]
[Round "5"]
[White "Fominykh,M"]
[Black "Kuzmina,O"]
[Result "1/2-1/2"]
[WhiteElo "2239"]
[BlackElo "2237"]

1.d4 g6 2.e4 Bg7 3.Nc3 d6 4.g3 Nd7 5.Bg2 e5 6.Nge2 Ngf6 7.O-O O-O 8.h3 exd4
9.Nxd4 Nc5 10.Re1 Re8 11.b4 Ne6 12.Nde2 a5 13.Rb1 axb4 14.Rxb4 Nc5 15.Be3 Qe7
16.g4 Ne6 17.Qd2 c6 18.Rbb1 Nc5 19.Bf4 Rd8 20.Ng3 Be6 21.Nf5 gxf5 22.exf5 Qc7
23.fxe6 Nxe6 24.Bh6 d5 25.Rb4  1/2-1/2

[Event "Open"]
[Site "Cappelle la Grande FRA"]
[Date "2003.02.26"]
[Round "6"]
[White "Bjarnason,O"]
[Black "Nogueiras,J"]
[Result "0-1"]
[WhiteElo "2195"]
[BlackElo "2528"]

1.e4 d6 2.d4 g6 3.Nc3 Bg7 4.Be3 a6 5.Qd2 Nd7 6.h4 h6 7.O-O-O b5 8.f3 Bb7
9.Kb1 Nb6 10.Bd3 e6 11.Nce2 Qd7 12.Nc1 Ne7 13.Nb3 Nc6 14.Ne2 Nc4 15.Bxc4 bxc4
16.Nbc1 d5 17.Rhe1 O-O-O 18.exd5 Qxd5 19.Nc3 Qa5 20.Qf2 Rd7 21.Ne4 Rhd8 22.c3 e5
23.Nc5 exd4 24.Nxd7 dxe3 25.Qxe3 Qf5+ 26.Qe4 Qxe4+ 27.Rxe4 Ne5 28.Red4 Nxd7
29.Rxc4 Re8 30.Rf4 f5 31.Kc2 Nb6 32.Rd2 Nd5 33.Ra4 Ne3+ 34.Kd3 Bc6 35.Rb4 Bb5+
36.c4 Bxc4+  0-1